000
00229nam a22000857a 4500
008
160921b xxu||||| |||| 00| 0 eng d
100
_9
690
_a
Aggarwal.R.S.
245
_a
Mathematics-4th Edition
260
_a
New Delhi
_b
Bharati Bhawan
_c
2008
999
_c
3347
_d
3347